Bir siyasetçinin siyaset kronolojisi 2013 (Record no. 11959)

MARC details
000 -BAŞLIK
Sabit Uzunlukta Kontrol Alanı 01103na a2200325 4500
001 - KONTROL NUMARASI
Denetim Alanı 24291
003 - KONTROL NUMARASI IDENTIFIER
Denetim Alanı MIRAKIL
005 - SON İŞLEM TARİHİ VE ZAMANI
Denetim Alanı 20181226104238.0
008 - SABİT-BOY VERİ ELEMANLARI - GENEL BİLGİLER
Sabit Uzunlukta Kontrol Alanı 180909b tu 000 0
020 ## - ULUSLARARASI STANDART KİTAP NUMARASI
Uluslararası Standart Kitap Numarası 9786056454004
035 ## - SİSTEM KONTROL NUMARASI
Sistem Kontrol Numarası 14836
041 ## - DİL KODU
Metin / Ses Parça Veya Ayrı Başlığın Dil Kodu tur
082 ## - DEWEY ONLU SINIFLANDIRMA NUMARASI
Sınıflandırma Numarası 324.2172
Ürün Numarası G96 2014
090 ## - SINIFLAMA NUMARASI
Sınıflama Numarası 324.2172 G96 2014
130 ## - ANA GİRİŞ - ÜNİFORM BAŞLIK
Üniforma Başlık Gürsel Tekin ne dedi?
245 ## - BAŞLIK TABLOSU
Başlık Bir siyasetçinin siyaset kronolojisi 2013
Başlığın Kalan Gürsel Tekin ne dedi?
Sorumluluk Tablosu, Vb araştıran ve hazırlayan Yeşim Özbirinci
246 ## - UNVAN FORM VARYING
Başlık Doğru / Kısa Başlığı Gürsel Tekin ne dedi?
250 ## - EDITION TABLOSU
Baskı Beyanı 2. bs.
260 ## - YAYIN, DAĞITIM, VB
Yayın, Dağıtım, Vb Yeri İstanbul
Yayıncı, Dağıtıcı, Vs Adı Odak internet teknolojileri ve iletişim hizmetleri
Yayın, Dağıtım, Vb Tarihi 2014
300 ## - FİZİKSEL TANIM
Kapsam 136 s.
Diğer Fiziksel Ayrıntıları res.
Boyutlar 20 sm.
504 ## - KAYNAKÇA VB NOT
Kaynakça Vb Notu Dizin var.
600 ## - KONU KATMA GİRİŞ - KURUMSAL ADI
Kişisel Ad Tekin, Gürsel
Başlıklar Ve Bir Adla İlişkili Diğer Kelimeler CHP Milletvekili
Genel Alt Bölümü Söylev ve demeçler
Kronolojik Alt Bölümü Kronoloji
610 ## - KONU KATMA GİRİŞ - TOPLANTI ADI
Giriş Elemanı Olarak Kurumsal Ad Veya Yargı Alanı Adı CHP
Genel Alt Bölüm Milletvekilleri
Kronolojik Alt Bölüm Söylev ve demeçler
650 ## - KONU KATMA GİRİŞ - TOPİKAL DÖNEM
Topikal Süreli Veya Coğrafi Ad Giriş Elemanı Türk siyasetçiler
Genel Alt Bölümü Söylev ve demeçler
Kronolojik Alt Bölümü Kronoloji
651 ## - KONU KATMA GİRİŞ - COĞRAFİ ADI
Coğrafi İsim Türkiye
Genel Alt Bölümü Siyaset ve yönetim
Kronolojik Alt Bölümü Kronoloji
700 ## - KATMA GİRİŞ - KİŞİSEL İSİM
Kişisel Ad Özbirinci,Yeşim
Relator Terim haz.
740 ## - KATMA GİRİŞ - KONTROLSUZ İLGİLİ / ANALİTİK BAŞLIK
Kontrol Edilmeyen / İlgili Analitik Başlıktaki Gürsel Tekin ne dedi?
942 ## - EKLENDİ GİRİŞ ELEMANLARI (KOHA)
Sınıflandırma Veya Raf Düzeni Kaynak Dewey Decimal Classification
Koha Öğesi Türü Books
040 ## - KATALOGLAMA KAYNAK
Orijinal Kataloglama Ajansı Milas
Kataloglama Dili tur
Metne Dönüştürmek Ajansı TR-AnCHP
999 ## - SİSTEM KONTROL NUMARALARI (KOHA)
Koha Biblionumber 11959
Koha Biblioitemnumber 11959
Holdings
Kullanım Kısıtlamaları Kalıcı Konum Mevcut Konum Edinme Tarihi Toplam Check-Out'Lar Tam Çağrı Numarası Barkod Tarih Son Görülme İtibaren Geçerli Fiyatlar Sigara Kamu Notu Koha Öğesi Türü
  Parti Okulu Kütüphanesi Parti Okulu Kütüphanesi 09/09/2018   324.2172 G96 2014 P00079 09/09/2018 09/09/2018 Books